000 00391 a2200097 4500
245 0 0 _aAnteny. Symbole graficzne - PN-80/E-01203 /
_cOśrodek Badawczo-Projektowy Przemysłu Teleelektron. TELKOM-TELPRO.
246 1 3 _aPN-80/E-01203
246 1 3 _a621.396.67;003.62
260 _aWarszawa :
_bOśrodek Badawczo-Projektowy Przemysłu Teleelektron. TELKOM-TELPRO,
_c1980.
300 _a6 stron ;
_c30 cm.
650 _aPolska norma
999 _c19902
_d19902